00420nam a2200109Ia 45000010005000000080041000050200022000460820022000681000063000902450133001532600024002863092241024s9999 xx 000 0 und d a978-9945-8856-7-5 aRD/507.04/R426l/5 aRepública Dominicana. Ministerio de Educación (MINERD) 0aLos líderes de la prevención de riesgos. Manual Metodológico para trabajar la gestión del riesgo en el aula. Nivel medio bSanto Domingoc2013